Pequeño libro de una gran memoria : (Record no. 95283)

MARC details
000 -LEADER
campo de control de longitud fija 00838nam a2200241 i 4500
001 - NÚMERO DE CONTROL
campo de control 95283
003 - IDENTIFICADOR DE NÚMERO DE CONTROL
campo de control ES-MaACL
005 - FECHA Y HORA DE LA ÚLTIMA TRANSACCIÓN
campo de control 20250822042958.0
007 - CAMPO FIJO DE DESCRIPCIÓN FÍSICA--INFORMACIÓN GENERAL
campo de control de longitud fija t|
008 - DATOS DE LONGITUD FIJA--INFORMACIÓN GENERAL
campo de control de longitud fija 050525s1973 sp ||||1| spa d
020 ## - NÚMERO INTERNACIONAL ESTÁNDAR DEL LIBRO
Número Internacional Estándar del Libro 84-7330-005-X
080 ## - NÚMERO DE LA CLASIFICACIÓN DECIMAL UNIVERSAL
Número de la Clasificación Decimal Universal 616.89-008.461
100 1# - ENTRADA PRINCIPAL--NOMBRE DE PERSONA
Nombre de persona Luriia, Aleksandr Romanovich,
Fechas asociadas al nombre 1902-1977
9 (RLIN) 174275
245 10 - MENCIÓN DEL TÍTULO
Título Pequeño libro de una gran memoria :
Resto del título (la mente de un mnemonista) /
Mención de responsabilidad, etc. A.R. Luria ; [traducción directamente del ruso de Lydia Kuper de Velasco].
260 ## - PUBLICACIÓN, DISTRIBUCIÓN, ETC.
Lugar de publicación, distribución, etc. Madrid :
Nombre del editor, distribuidor, etc. Josefina Betancor,
Fecha de publicación, distribución, etc. 1973.
300 ## - DESCRIPCIÓN FÍSICA
Extensión 162 p. ;
Dimensiones 18 cm.
490 1# - MENCIÓN DE SERIE
Mención de serie Taller uno. Psicología ;
Designación de volumen o secuencia 6
650 #4 - PUNTO DE ACCESO ADICIONAL DE MATERIA--TÉRMINO DE MATERIA
Término de materia o nombre geográfico como elemento de entrada Memoria-
Subdivisión general Trastornos.
9 (RLIN) 160130
700 1# - ENTRADA AGREGADA--NOMBRE PERSONAL
Nombre de persona Kúper, Lydia,
Fechas asociadas al nombre 1910-2011
9 (RLIN) 69046
830 10 - PUNTO DE ACCESO ADICIONAL DE SERIE-TÍTULO UNIFORME
Título uniforme Taller uno.
Nombre de parte o sección de la obra Psicología
Designación de volumen o secuencia 6
9 (RLIN) 232183
852 4# - LOCALIZACIÓN
Ubicación ES-MaACL
Número de control de estantería E-5028
Holdings
Estatus retirado Estado de pérdida Estado de daño No para préstamo Biblioteca de origen Biblioteca actual Ubicación en estantería Fecha de adquisición Fuente de adquisición Total de préstamos Signatura topográfica completa Código de barras Visto por última vez Precio de reemplazo Tipo de ítem Koha
        Biblioteca del Ateneo de Madrid Biblioteca del Ateneo de Madrid Depósito 2 17/01/2008     E-5028 1099495 23/02/2023 23/02/2023 Libro impreso